000 00690cab a2200217 4500
001 ABS41820
008 090401t1989 xxu||||| |||| 00| 0 eng d
035 _a(Sirsi) u32673
041 _aeng
100 _aAvis, M.
245 _aManaging operational assets
260 _c1989
350 _a0
490 _aEstates Gazette
_v(8948) 2 December 1989 20-21(2)
520 _aAnalyses the results of research by Reading University on the management of property assets by companies which are major owners and users of property.
690 _aPROPERTY-COMMERCIAL PROPERTY-COMMERCIAL PROPERTY MARKET
700 _aGibson, V.
700 _aWatts, J.
942 _n0
948 _c04/03/1997
999 _c21850
_d21850